Health care information systems : a practical approach for health care management /

Bibliographic Details
Main Author: Wager, Karen A., 1961-
Other Authors: Lee, Frances Wickham, 1953-, Glaser, John P. (John Patrick), 1955-
Format: Book
Language:English
Published: San Francisco, Calif. : Jossey-Bass, [2009]
Edition:Second edition.
Subjects:

MARC

Tag First Indicator Second Indicator Subfields
LEADER 00000cam a22000004a 4500
001 in00004511684
005 20191204153458.0
008 081230s2009 caua b 001 0 eng
010 |a  2008055680 
015 |a GBA930223  |2 bnb 
016 7 |a 101492421  |2 DNLM 
016 7 |a 014937254  |2 Uk 
019 |a 276340597 
020 |a 9780470387801 (pbk.) 
020 |a 0470387807 (pbk.) 
029 1 |a NLM  |b 101492421 
029 1 |a CDX  |b 9315211 
029 1 |a BWX  |b R1785853 
035 |a (OCoLC)ocn295033376 
035 |a (OCoLC)295033376  |z (OCoLC)276340597 
035 |z (UtOrBLW)49096 
035 |a 69692 
040 |a DNLM/DLC  |c DLC  |d BTCTA  |d NLM  |d YDXCP  |d UKM  |d C#P  |d CDX  |d BWX  |d TMV  |d UtOrBLW 
042 |a pcc 
049 |a TMVM 
050 0 0 |a R858  |b .W34 2009 
060 4 |a W 26.5  |b W131h 2009 
082 0 0 |a 610.68  |2 22 
082 0 4 |a 610.285 
100 1 |a Wager, Karen A.,  |d 1961- 
245 1 0 |a Health care information systems :  |b a practical approach for health care management /  |c Karen A. Wager, Frances Wickham Lee, John P. Glaser ; foreword by Lawton Robert Burns. 
250 |a Second edition. 
264 1 |a San Francisco, Calif. :  |b Jossey-Bass,  |c [2009] 
264 4 |c ©2009 
300 |a xxvii, 516 pages :  |b illustrations ;  |c 24 cm. 
336 |a text  |2 rdacontent  |b txt 
337 |a unmediated  |2 rdamedia 
338 |a volume  |2 rdacarrier  |b nc 
500 |a Revised edition of: Managing health care information systems / Karen A. Wager, Frances Wickham Lee, John P. Glaser. 1st edition c2005. 
504 |a Includes bibliographical references (pages 493-503) and index. 
505 0 |a Introduction to health care information -- Health care data quality -- Health care information regulations, laws, and standards -- History and evolution of health care information systems -- Current and emerging use of clinical information systems -- System acquisition -- System implementation and support -- Technologies that support health care information systems -- 
505 0 |a Health care information system standards -- Security of health care information systems -- Organizing information technology services -- IT alignment and strategic planning -- IT governance and management -- Management's role in major IT initiatives -- Assessing and achieving value in health care information systems -- Health IT leadership. 
650 0 |a Medical informatics. 
650 0 |a Health services administration. 
650 2 |a Medical Informatics  |x organization & administration. 
700 1 |a Lee, Frances Wickham,  |d 1953- 
700 1 |a Glaser, John P.  |q (John Patrick),  |d 1955- 
700 1 |a Wager, Karen A.,  |d 1961-  |t Managing health care information systems. 
999 |a MARS 
999 f f |s 51d9747c-ab44-3b4d-ba91-6bbcab011718  |i ddd55a51-5d5e-3b44-bde2-a0c412fd3dc3  |t 0 
952 f f |p ric  |a Texas A&M University  |b Rellis Campus  |c Joint Library Facility  |d Remote Storage  |t 0  |e W 26.5 W131h 2009  |h National Library of Medicine classification  |i unmediated -- volume  |m 323890207776B 
998 f f |a W 26.5 W131h 2009  |t 0  |l Remote Storage